000 00594nam a2200217 a 4500
001 19224
003 CO-ViMGA
008 141112s2004 ck r 000 u spa d
020 _a8476729847
040 _aCO-ViMGA
_bspa
_cCO-ViMGA
082 0 4 _a871.01 O843
100 1 _aOvidio, Publio
_927608
245 1 0 _aEl arte de amar /
_cFastos
260 _aBarcelona :
_bEdicomunicación; 1999
300 _a287 p.
490 _aColección Cultura; 84
590 _aForma de adquisición : Premio Mincultura
650 1 4 _aAMOR - POESIA
_927609
650 1 4 _aPOESIA LATINA
_927610
942 _2ddc
_cBK
999 _c28386
_d28386